Contemporary logic design / (Record no. 17578)
[ view plain ]
| 000 -LEADER | |
|---|---|
| fixed length control field | 00980pam a2200277 a 4500 |
| 001 - CONTROL NUMBER | |
| control field | 012946070 |
| 003 - CONTROL NUMBER IDENTIFIER | |
| control field | Uk |
| 005 - DATE AND TIME OF LATEST TRANSACTION | |
| control field | 20130930152354.0 |
| 008 - FIXED-LENGTH DATA ELEMENTS--GENERAL INFORMATION | |
| fixed length control field | 040702s2005 njua f 001 0 eng |
| 020 ## - INTERNATIONAL STANDARD BOOK NUMBER | |
| International Standard Book Number | 0131278304 (pbk.) : |
| 020 ## - INTERNATIONAL STANDARD BOOK NUMBER | |
| International Standard Book Number | 9780131278301 |
| 082 04 - DEWEY DECIMAL CLASSIFICATION NUMBER | |
| Classification number | 621.395 |
| Edition number | 22 |
| Item number | KAT |
| 100 1# - MAIN ENTRY--PERSONAL NAME | |
| Personal name | Katz, Randy H , |
| Dates associated with a name | 1955- |
| 9 (RLIN) | 33827 |
| 245 10 - TITLE STATEMENT | |
| Title | Contemporary logic design / |
| Statement of responsibility, etc | Randy H. Katz. |
| 250 ## - EDITION STATEMENT | |
| Edition statement | 2nd ed. / |
| Remainder of edition statement | Randy H. Katz, Gaetano Borriello. |
| 260 ## - PUBLICATION, DISTRIBUTION, ETC. (IMPRINT) | |
| Place of publication, distribution, etc | Upper Saddle River, N.J. ; |
| -- | London : |
| Name of publisher, distributor, etc | Pearson Education, |
| Date of publication, distribution, etc | 2005. |
| 300 ## - PHYSICAL DESCRIPTION | |
| Extent | 448 p. : |
| Other physical details | ill. ; |
| Dimensions | 24 cm. |
| 500 ## - GENERAL NOTE | |
| General note | Previous ed.: Redwood City, Calif.: Benjamin/Cummings, 1994. |
| 650 #0 - SUBJECT ADDED ENTRY--TOPICAL TERM | |
| Topical term or geographic name as entry element | Electronic digital computers |
| General subdivision | Circuits |
| -- | Design. |
| 9 (RLIN) | 33828 |
| 650 #0 - SUBJECT ADDED ENTRY--TOPICAL TERM | |
| Topical term or geographic name as entry element | Integrated circuits |
| General subdivision | Design and construction. |
| 9 (RLIN) | 32591 |
| 650 #0 - SUBJECT ADDED ENTRY--TOPICAL TERM | |
| Topical term or geographic name as entry element | Computer-aided design. |
| 9 (RLIN) | 33829 |
| 650 #0 - SUBJECT ADDED ENTRY--TOPICAL TERM | |
| Topical term or geographic name as entry element | Logic design |
| General subdivision | Data processing. |
| 9 (RLIN) | 33830 |
| 653 ## - INDEX TERM--UNCONTROLLED | |
| Resource For college | |
| Arrived date list | September2013 |
| 700 1# - ADDED ENTRY--PERSONAL NAME | |
| Personal name | Borriello, Gaetano. |
| 9 (RLIN) | 33831 |
| 942 ## - ADDED ENTRY ELEMENTS (KOHA) | |
| Source of classification or shelving scheme | Dewey Decimal Classification |
| Item type | Book - Borrowing |
| Withdrawn status | Item status | Source of classification or shelving scheme | Damaged status | Not for loan | Vendor | Home library | Current library | Shelving location | Date acquired | Source of acquisition | Total Checkouts | Full call number | Barcode | Date last seen | Koha item type |
|---|---|---|---|---|---|---|---|---|---|---|---|---|---|---|---|
| Dewey Decimal Classification | Baccah | Central Library | Central Library | First floor | 30/09/2013 | 621.395 KAT | 000029127 | 15/07/2025 | Book - Borrowing | ||||||
| Dewey Decimal Classification | Baccah | Central Library | Central Library | First floor | 30/09/2013 | 621.395 KAT | 000029128 | 15/07/2025 | Book - Borrowing | ||||||
| Dewey Decimal Classification | Baccah | Central Library | Central Library | First floor | 30/09/2013 | 621.395 KAT | 000029129 | 15/07/2025 | Book - Borrowing |